000 00817nam0a22002651 4500
001 rc\3041361
005 20250810062050.0
035 _a(NLR Aleph) 007181573
090 _a7446784
_c7446784
100 _a20111006d1942 u y0rusy50 ca
101 0 _arus
102 _aRU
105 _ay z |||||
200 1 _aБорьба за влагу - борьба за урожай
_fВ.Г. Элконин, канд. с.-х. наук
210 _a[Челябинск]
_cЧелябгиз
_d1942
215 _a17, [2] с.
_d13 см
700 1 _aЭлконин
_bВ.Г.
801 0 _aRU
_bNLR
_gpsbo
801 1 _aRU
_bELAR
_2rusmarc
852 _aNLR
_bС
_j30 Г-2/72
852 _aNLR
_bС
_j14 Г-2/8
942 _cBOOK
945 _aРоссийская национальная библиотека
980 _aNB
980 _aBV